| 000 -LEADER |
| fixed length control field |
00313nam a2200109Ia 4500 |
| 008 - FIXED-LENGTH DATA ELEMENTS--GENERAL INFORMATION |
| fixed length control field |
200302s9999 xx 000 0 und d |
| 100 ## - MAIN ENTRY--PERSONAL NAME |
| Personal name |
Dr. B. C. Punmia and Others |
| 245 ## - TITLE STATEMENT |
| Title |
R. C. C. Designs Reinforced Concrete Structures 10 ed |
| 260 ## - PUBLICATION, DISTRIBUTION, ETC. |
| Name of publisher, distributor, etc. |
Lakshmi Publications Pvt. Ltd. |
| 260 ## - PUBLICATION, DISTRIBUTION, ETC. |
| Date of publication, distribution, etc. |
2015 |
| 300 ## - PHYSICAL DESCRIPTION |
| Extent |
1246 P., |